First Course on Power Electronics and Drives /

保存先:
書誌詳細
第一著者: Mohan, Ned (autor)
フォーマット: 図書
言語:英語
出版事項: Minneápolis, EUA : Mnpere, 2003, c2003
主題:
タグ: タグ追加
タグなし, このレコードへの初めてのタグを付けませんか!

MARC

LEADER 00000nam^a2200000^a^4500
001 000157866
005 20250521000000.0
009 20260310100553.061
020 |a 0-9715292-2-1 
037 |a Acervo ITESO - Biblioteca 
041 |a ING 
082 |a 621. 317  |b MOH 
100 |a Mohan, Ned  |e (autor) 
245 1 0 |a First Course on Power Electronics and Drives /  |c N. Mohan. 
264 4 |a Minneápolis, EUA :  |b Mnpere,  |c 2003, c2003 
300 |a 1 v. (varias paginaciones) +  |e 1 disco compacto de computadora 
336 |a texto  |b txt  |2 rdacontenido 
337 |a sin mediación  |b n  |2 rdamedio 
338 |a volumen  |b nc  |2 rdasoporte 
649 |a XX 
650 |a Convertidores de Corriente Eléctrica 
650 |a Corrientes Eléctricas 
650 |a Interruptores Eléctricos 
650 |a Reguladores de Voltaje 
650 |a Electricidad -  |x Equipo y Aparatos 
650 |a Electrónica de Potencia 
650 |a Electrónica 
650 |a Ingeniería Eléctrica 
650 |a Ingeniería Electrónica 
910 |a Fondo General 
920 |a Impresos - Libros 
930 |a Colección General 
905 |a 101 
901 |a 0500087951  |b IT1  |c ACC  |u 20250521 
901 |a 0500087945  |b IT2  |c SWS  |u 20250521 
902 |a https://opac.biblio.iteso.mx/vufind/Record/000157866